Sports Quiz

Random Sports or MLB Quiz

MLB Single Season HR Leaders (A-Z) Quiz Stats

 Plays Quiz Updated Dec 5, 2018

Score 0/25 Timer 06:00
7 Plays Today
Letter Player % Correct
BBarry Bonds
96.9%
SSammy Sosa
89.9%
MMark McGwire
88.4%
RBabe Ruth
81.3%
ABrady Anderson
54.1%
ODavid Ortiz
52.2%
YCarl Yastrzemski
48.9%
FJimmie Foxx
48%
HRyan Howard
47.1%
TJim Thome
45.2%
JAaron Judge
43.9%
GHank Greenberg
36.6%
WHack Wilson
36%
Letter Player % Correct
CJose Canseco - Vinny Castilla - Orlando Cepeda
35.5%
PAlbert Pujols
34.3%
VGreg Vaughn
32%
KRalph Kiner
30.1%
DChris Davis
29.7%
QCarlos Quentin
25.4%
EJim Edmonds - Edwin Encarnacion
19.8%
UDan Uggla
18.6%
LDerrek Lee
14.9%
IRaul Ibanez
13.3%
ZGus Zernial
9.1%
NPhil Nevin
9%

You're not logged in!

Compare scores with friends on all Sporcle quizzes.
OR
Log In

Show Comments

Extras

Top Quizzes Today


Score Distribution

Your Account Isn't Verified!

In order to create a playlist on Sporcle, you need to verify the email address you used during registration. Go to your Sporcle Settings to finish the process.

Report this User

Report this user for behavior that violates our Community Guidelines.

Details: